| 000 | 02259cam a2200505 i 4500 | ||
|---|---|---|---|
| 001 | 21690195 | ||
| 003 | NUST | ||
| 005 | 20220825121402.0 | ||
| 008 | 200825s2021 nyu d 000 1 eng | ||
| 010 | _a 2020038805 | ||
| 020 |
_a9781338712636 _q(hardcover) |
||
| 020 |
_z9781338712643 _q(ebook) |
||
| 038 | _aAzhar | ||
| 040 |
_aNJQ/DLC _beng _cDLC _erda _dDLC |
||
| 042 |
_alcac _apcc |
||
| 043 | _an-us-tx | ||
| 050 | 0 | 0 |
_aPZ7.1.B682 _bYo 2021 |
| 082 | 0 | 4 |
_a813.6 _aFic _223 _bBOU |
| 100 | 1 |
_aBourne, Brianna, _eauthor. _994975 |
|
| 245 | 1 | 0 |
_aYou & me at the end of the world _cBrianna Bourne. |
| 246 | 3 | _aYou and me at the end of the world | |
| 250 | _aFirst edition. | ||
| 260 |
_aNew York : _bScholastic Press, _c2021 |
||
| 300 |
_a358 pages ; _c22 cm |
||
| 336 |
_atext _btxt _2rdacontent |
||
| 337 |
_aunmediated _bn _2rdamedia |
||
| 338 |
_avolume _bnc _2rdacarrier |
||
| 520 | _aFor five days teenager Hannah Ashton has been living a nightmare because Greater Houston is devoid of people and totally silent, but then she finds Leo Sterling, a boy from her school whom Hannah considers to be both hot and trouble; together they set out to explore their city, and their own emotions--but above all they need to find out what has happened to their world, or risk being separated forever. | ||
| 521 |
_aAges 14 and up. _bScholastic Press. |
||
| 521 |
_aGrades 10-12. _bScholastic Press. |
||
| 563 | _aHB | ||
| 650 | 0 |
_aTeenagers _vJuvenile fiction. _994976 |
|
| 650 | 0 |
_aInterpersonal relations _vJuvenile fiction. _994977 |
|
| 650 | 0 |
_aAccident victims _vJuvenile fiction. _994978 |
|
| 650 | 0 |
_aNear-death experiences _vJuvenile fiction. _994979 |
|
| 650 | 1 |
_aInterpersonal relations _vFiction. |
|
| 650 | 1 |
_aLove _vFiction. _994980 |
|
| 650 | 1 |
_aNear-death experiences _vFiction. _994981 |
|
| 650 | 1 |
_aTraffic accidents _vFiction. _994982 |
|
| 651 | 1 |
_aHouston (Tex.) _vFiction. _994983 |
|
| 776 | 0 | 8 |
_iOnline version: _aBourne, Brianna. _tYou & me at the end of the world _bFirst edition. _dNew York : Scholastic Press, an imprint of Scholastic Inc., 2021 _z9781338712643 _w(DLC) 2020038806 |
| 906 |
_a7 _bcbc _corignew _d1 _eecip _f20 _gy-gencatlg |
||
| 942 |
_2ddc _cLC |
||
| 999 |
_c590588 _d590588 |
||